Telugu Numbers - Statistics

General Stats
  • This quiz has been taken 116 times
    105 since last reset
  • The average score is 3 of 10
Answer Stats
Hint Answer % Correct
0 E.౦
63%
3 K.౩
58%
1 B.౧
40%
4 F.౪
35%
9 A.౯
33%
5 C.౫
30%
2 H.౨
30%
7 G.౭
23%
8 D.౮
20%
6 J.౬
15%
No matching quizzes found
Score Distribution
Percent of People with Each Score
Percentile by Number Answered
Your Score History
You have not taken this quiz since the last reset